000 01201nam1a22003371 4500
001 RU\NLR\A1SV\4195
005 20260406134235.0
035 _a(NLR Aleph) 009690186
090 _a9732965
_c9732965
100 _a19980217d1918 u y0rusy50 ca
101 1 _arus
_cdan
102 _aRU
200 1 _aСказки Андерсена
_eДля детей среднего возраста
_fПер. П.Вейнберга
_gС рис.
205 _a6-е изд.
210 _aМ.
_cТ-во И.Д.Сытина
_d1918
215 _cил.
_d22 см
225 _aБ-ка сказок
300 _aНа тит. л. 4-го вып. ошибочно: Изд. 7-е; на обл.: Изд. 6-е; на обл. ошибочно: Вып. 6
620 _dМосква
700 1 _8rus
_7ca
_aАндерсен
_bХ. К.
_f1805-1875
_gХанс Кристиан
_3RU\NLR\AUTH\772165
_9112181
702 1 _aВейнберг
_bП.И.
_f1831-1908
_gПетр Исаевич
801 0 _aRU
_bNLR
_c19980217
899 _aРНБ
_j37.46.5.66
899 _aРНБ
_j37.63.4.352-4
899 _aРКП
899 _aРГБ
_z(Вып.1-4, 6)
942 _cBOOK
980 _aNB
980 _aA1SV
980 _aA1SV